000 00352nam a2200133Ia 4500
005 20260328101528.0
008 260328s9999||||xx |||||||||||||| ||und||
100 _aColeccion Eslabones
245 0 _aBruno Stagno, Arquitectura para la Latitud /
_cColeccion Eslabones
260 _bMenhir Libros
300 _a85 p.
650 _aARQUITECTOS
942 _cBK
999 _c9881
_d9881